00793 a2200253 450000500170000002000180001705000210003510000490005624500680010525000180017326400460019130000310023733600260026833700280029433800270032250400510034952000110040065000180041165000330042965000180046265000180048065000130049870000280051120260130072951.0 a978036721784600aK3240bDON 20201 aDonnelly Jack, and Whelan, Daniel Jeauthor.10aInternational human rights /cJack Donnelly and Daniel J.Whelan asixth edition 1aOxford:bOxford University Press,c[2020] a371 pagesbillustrations ; atextbtxt2rdacontent aunmediatedbn2rdamedia avolumebnc2rdacarrier aIncludes bibliographical references and index.8 aIllust 0aHuman rights. 0aInternational human rights. 7aHuman rights. 7aHuman rights. 7aManuals. aWhelan Daniel JeAuthor